zpět

Detail výsledku týmu

Kozlovna S-klub, Olomouc

Datum a čas kvízu

29.5 Celkem bodů Celkový počet nahraných bodů na tomto kvízu bez doplňovacích otázek.
9. Pořadí na kvízu Konečné umístění týmu na tomto kvízu.

Zaznamenané odpovědi

# Otázka Odpověď Body Výsledky
1. ODS v pondělí představila svou... 1D 2A 3B 4C 1
2. Britské bankovky budou mít nov... C 1
3. Který pořad České televize osl... Branky, body, vteřiny 1
4. Která společnost patřící do na... Orlen Unipetrol 0
5. V pátek se Česko po 24 letech... Carina Edlingerová; (para)biatlon 0.5
6. Nejrozšířenějším „národním spo... D 0
7. Za národní sport lze považovat... národní házená (česká házená) 1
8. Některé země mají svůj národní... lakros 1
9. U uzákoněných národních sportů... polo; basketbal 0.5
10. I medailové úspěchy z olympijs... D 1